[Event "Michigan Action"]
[Site "Warren"]
[Date "2004.12.11"]
[Round "5"]
[White "Holden, Anthony"]
[Black "Varner, David"]
[Result "1-0"]
[WhiteElo "1526"]
[BlackElo "927"]
[PlyCount "61"]
[EventDate "2004.12.11"]
[EventType "swiss"]
[EventRounds "5"]
[EventCountry "USA"]
[SourceTitle "EXT 2007"]
[Source "ChessBase"]
[SourceDate "2006.11.23"]
[SourceVersion "1"]
[SourceVersionDate "2006.11.23"]
[SourceQuality "1"]

1. d4 e6 2. d5 exd5 3. Qxd5 Nf6 4. Qe5+ Be7 5. Bg5 d6 6. Qc3 0-0 7. Qd3 Nc6 8. Nf3 Be6 9. a3 Ng4 10. h4 Nge5 11. Qd2 Nxf3+ 12. gxf3 Bxg5 13. hxg5 Ne5 14. f4 Nc4 15. Qd3 g6 16. b3 Nb6 17. Qg3 Re8 18. Nd2 Bd5 19. f3 Re3 20. c4 Bc6 21. Qh4 Qe8 22. Qxh7+ Kf8 23. Kf2 Re6 24. f5 gxf5 25. Qxf5 Re5 26. Rh8+ Ke7 27. Rxe8+ Rxe8 28. Qf6+ Kd7 29. Bh3+ R8e6 30. Qxf7+ Kd8 31. Bxe6 1-0

[Event "Michigan Action"]
[Site "Warren"]
[Date "2004.12.11"]
[Round "4"]
[White "Varner, David"]
[Black "Hayley, Robert"]
[Result "1-0"]
[WhiteElo "927"]
[BlackElo "1424"]
[PlyCount "39"]
[EventDate "2004.12.11"]
[EventType "swiss"]
[EventRounds "5"]
[EventCountry "USA"]
[SourceTitle "EXT 2007"]
[Source "ChessBase"]
[SourceDate "2006.11.23"]
[SourceVersion "1"]
[SourceVersionDate "2006.11.23"]
[SourceQuality "1"]

1. e4 d6 2. d4 Nf6 3. Nc3 c6 4. Bd3 e5 5. Nge2 Be7 6. 0-0 Bg4 7. f3 Bh5 8. Be3 Nbd7 9. g4 Bg6 10. Ng3 0-0 11. f4 exf4 12. Bxf4 h6 13. Qd2 Nxg4 14. h3 Ngf6 15. e5 Bxd3 16. cxd3 dxe5 17. Bxh6 Qb6 18. Bxg7 Qxd4+ 19. Kh2 Nd5 20. Qh6 1-0

[Event "Michigan Amateur op"]
[Site "Kalamazoo"]
[Date "2004.10.24"]
[Round "4"]
[White "Varner, David"]
[Black "Payne, Ashlee"]
[Result "1/2-1/2"]
[WhiteElo "927"]
[BlackElo "1242"]
[PlyCount "116"]
[EventDate "2004.10.23"]
[EventType "swiss"]
[EventRounds "5"]
[EventCountry "USA"]
[SourceTitle "EXT 2007"]
[Source "ChessBase"]
[SourceDate "2006.11.23"]
[SourceVersion "1"]
[SourceVersionDate "2006.11.23"]
[SourceQuality "1"]

1. e4 e5 2. f4 d6 3. Nf3 Bg4 4. Bc4 Nf6 5. Nc3 Nbd7 6. h3 Bxf3 7. Qxf3 Qe7 8. d3 g6 9. Be3 a6 10. g4 h6 11. 0-0-0 0-0-0 12. h4 Ne8 13. f5 gxf5 14. exf5 f6 15. Nd5 Qg7 16. Nb4 Nb8 17. Bd5 c6 18. Be6+ Kc7 19. Qf2 Nd7 20. g5 fxg5 21. hxg5 hxg5 22. Rxh8 Qxh8 23. Bxg5 Bh6 24. Bxh6 Qxh6+ 25. Kb1 Qf6 26. Nxa6+ bxa6 27. Qa7+ Kc8 28. Qxa6+ Kc7 29. Re1 Nc5 30. Qa7+ Nb7 31. Re4 d5 32. Rb4 Rb8 33. Qb6+ Kd6 34. a4 Nc7 35. a5 Qd8 36. a6 Nxa6 37. Qxa6 Nc5 38. Rxb8 Qxb8 39. Qa3 Qb6 40. c4 dxc4 41. Bxc4 Ke7 42. Qa8 Qc7 43. Qg8 Qd8 44. Qg7+ Kd6 45. f6 Nd7 46. f7 Qe7 47. b4 Kc7 48. Kc2 Kb6 49. f8Q Qxf8 50. Qxd7 Qf2+ 51. Kc3 Qe1+ 52. Kb3 Qd1+ 53. Kb2 Qd2+ 54. Ka3 Qc1+ 55. Kb3 Qb1+ 56. Kc3 Qc1+ 57. Kb3 Qb1+ 58. Ka3 Qc1+ 1/2-1/2